|
|
|
|
| LEADER |
00000nam a22000007a 4500 |
| 005 |
20141118164759.0 |
| 007 |
cr|||| |||| |
| 008 |
141118s2013 fr |||||s|||| 00||0 fre d |
| 020 |
|
|
|a 978-2-87496-236-3
|
| 035 |
|
|
|a 12526
|
| 040 |
|
|
|a vLex
|
| 090 |
|
|
|c 5293
|d 5293
|
| 100 |
1 |
|
|a Mercier, Stp̌hane
|
| 245 |
1 |
0 |
|a Legislation Comptable (Edition 2013)
|h [Recurso electrn̤ico] /
|c Stp̌hane Mercier
|
| 256 |
|
|
|a Servicio en ln̕ea
|
| 260 |
|
|
|a Lig̈e :
|b Edipro,
|c 2013
|
| 300 |
|
|
|a 1 recurso electrn̤ico
|
| 506 |
1 |
|
|a Contenido disponible en los productos indicados
|d vLex Global
|d vLex Global (Academic Edition, excluding Law Schools)
|d vLex Global (U.S. Academic Edition, Law Schools)
|d vLex Global (U.S. Academic Edition, excluding Law Schools)
|d vLex Global (Academic Edition, Law Schools)
|
| 650 |
0 |
4 |
|a Contabilidad
|x Derecho y legislacin̤
|z Francia
|
| 740 |
0 |
|
|a vLex Libros (Servicio en ln̕ea)
|
| 856 |
4 |
0 |
|u http://vlex.com/source/legislation-comptable-edition-2013--12526
|z Acceso restringido
|
| 942 |
|
|
|c BOOK
|
| 999 |
0 |
|
|a Accounting--Law and legislation
|